000
00310nam a22001337a 4500
008
170609b xxu||||| |||| 00| 0 eng d
020
_a
9780415049641
041
_a
eng
080
_a
32
100
_a
19
101
_a
SHP
245
_a
CITIZENS AN ESSAY ON BRITISH POLITICS
_c
WRIGHT.T
942
_2
udc
_c
BK
999
_c
16811
_d
16811